| 000 | 00694nam a2200217Ia 4500 | ||
|---|---|---|---|
| 003 | CO-CtgCURN | ||
| 005 | 20250407230428.0 | ||
| 008 | 190722s9999 xx 000 0 und d | ||
| 020 | _a9583503193 | ||
| 040 |
_aCO-CtgCURN _bspa _ccoctgcurn |
||
| 082 |
_a340.2 _bO77e |
||
| 100 | _aOrtiz Rivas, Hernan | ||
| 245 | 0 |
_aEstudios de filosofia juridica / _cHernan Ortiz Rivas |
|
| 260 |
_aBogotá, Colombia : _bEditorial Temis, _c2000 |
||
| 300 |
_a199 páginas ; _c19 centímetros |
||
| 521 | _aAREA PROFESIONAL | ||
| 590 | _aPrograma de Derecho_18 | ||
| 650 | _aDerecho | ||
| 942 |
_cBK _h340.2 _iO77e _2ddc _n0 |
||
| 999 |
_c28191 _d28191 |
||